| 000 | 00714cam a2200217 a 4500 | ||
|---|---|---|---|
| 001 | 000006522 | ||
| 005 | 20200929153938.0 | ||
| 008 | 030317s2001 mx a f001 0 spa | ||
| 020 | _a9701874161 | ||
| 035 | _a(MxMxBFM)bm970113344 | ||
| 040 |
_aDO-SdBNP _cDLC _dDLC |
||
| 082 |
_a928.4 _bH498d |
||
| 100 | 1 |
_aChapa, Martha, _d1946- _918103 |
|
| 245 | 1 | 0 |
_aDe domingo a domingo : _bconversaciones con Andrés Henestrosa / _cMartha Chapa. |
| 260 |
_aMéxico : _bInstituto Politécnico Nacional, _c2001. |
||
| 300 |
_a174 p. : _bil. ; _c22 cm. |
||
| 600 | 1 | 0 |
_aHENESTROSA, ANDRÉS, _d1906-2008 _vENTREVISTAS _918104 |
| 651 | 4 |
_aMexico _xVida Intelectual _918105 |
|
| 910 | _aCatalogación por copia / LC | ||
| 049 | _aBNGR | ||
| 999 |
_c6313 _d6313 |
||